Central Library OPAC University of Rajshahi

Talented teenagers : (Record no. 67908)

MARC details
000 -LEADER
fixed length control field 01038nam a2200289 a 4500
001 - CONTROL NUMBER
control field 67908
003 - CONTROL NUMBER IDENTIFIER
rucl marc code BD-RjUL
005 - DATE AND TIME OF LATEST TRANSACTION
control field 20211209081715.0
008 - FIXED-LENGTH DATA ELEMENTS--GENERAL INFORMATION
fixed length control field 170329r19971993enka b 001 0 eng d
020 ## - INTERNATIONAL STANDARD BOOK NUMBER
International Standard Book Number 0521574633 (pbk.)
International Standard Book Number 0521415780 (hard)
035 ## - SYSTEM CONTROL NUMBER
System control number (BD-RjUL)68117
040 ## - CATALOGING SOURCE
Original cataloging agency DLC
Transcribing agency DLC
Modifying agency DLC
-- BD-RjUL
Language of cataloging eng
041 ## - LANGUAGE CODE
Language code of text/sound track or separate title eng
082 00 - DEWEY DECIMAL CLASSIFICATION NUMBER
Classification number 155.50879
Edition number 23
Author mark and year CST 1997
100 1# - MAIN ENTRY--PERSONAL NAME
Personal name Csikszentmihalyi, Mihaly.
9 (RLIN) 201299
245 10 - TITLE STATEMENT
Title Talented teenagers :
Remainder of title the roots of success and failure /
Statement of responsibility, etc. Mihaly Csikszentmihalyi, Kevin Rathunde and Samuel Whalen
250 ## - EDITION STATEMENT
Edition statement 1st paperback ed.
260 ## - PUBLICATION, DISTRIBUTION, ETC. (IMPRINT)
Place of publication, distribution, etc. New York :
Name of publisher, distributor, etc. Cambridge University Press,
Date of publication, distribution, etc. 1997.
300 ## - PHYSICAL DESCRIPTION
Pagination x, 307 p. :
Illustrations ill. ;
Size 24 cm.
504 ## - BIBLIOGRAPHY, ETC. NOTE
Bibliography, etc Includes bibliographical references (p. 287-298) and index.
650 #0 - SUBJECT ADDED ENTRY--TOPICAL TERM
Topical term or geographic name as entry element Gifted teenagers
Form subdivision Longitudinal studies.
9 (RLIN) 201300
Topical term or geographic name as entry element Teenagers and the environment
Form subdivision Longitudinal studies.
9 (RLIN) 201301
700 1# - ADDED ENTRY--PERSONAL NAME
Personal name Rathunde, Kevin Raymond,
Dates associated with a name 1957-
Personal name Whalen, Samuel.
942 ## - ADDED ENTRY ELEMENTS (KOHA)
Source of classification or shelving scheme Dewey Decimal Classification
Koha item type Books
Holdings
Lost status Source of classification or shelving scheme Damaged status Not for loan Collection code Permanent Location Current Location Shelving location Date acquired Source of acquisition Cost, normal purchase price Total Checkouts Full call number Date last seen Copy number Koha item type
  Dewey Decimal Classification   Not For Loan Non-fiction Central Library, University of Rajshahi Central Library, University of Rajshahi Reading Room 22/02/1999 Dhaka,Karim Internatinal 917.00   155.50879 CST 1997 29/03/2017 C-1 Books